Cánh diều và mặt đất : Phê bình - Tiểu luận

Gespeichert in:
Bibliographische Detailangaben
1. Verfasser: Đinh Quang Tốn
Format: Buch
Sprache:Undetermined
Veröffentlicht: H. Văn Học 1995
Schlagworte:
Tags: Tag hinzufügen
Keine Tags, Fügen Sie den ersten Tag hinzu!
Thư viện lưu trữ: Trung tâm Học liệu Trường Đại học Cần Thơ
LEADER 00557nam a2200193Ia 4500
001 CTU_53400
008 210402s9999 xx 000 0 und d
020 |b 12000 
082 |a 895.9228 
082 |b T454 
100 |a Đinh Quang Tốn 
245 0 |a Cánh diều và mặt đất : Phê bình - Tiểu luận 
245 0 |c Đinh Quang Tốn 
260 |a H. 
260 |b Văn Học 
260 |c 1995 
650 |a vietnamese literature 
650 |x history and criticism 
980 |a Trung tâm Học liệu Trường Đại học Cần Thơ